000 00670cam a22002057a 4500
001 13578541
005 20250118125130.0
008 040430s2005 enka 000 0 eng d
020 _a9780130139337
050 0 0 _aR123
_b.W568 2005
082 0 4 _a610.14
_221
100 1 _aWistreich, George A.
245 1 0 _aHuman biology and medical terminology applications /
_cGeorge A. Wistreich.
260 _aUpper Saddle River, N.J. :
_bPearson/Prentice Hall,
_cc2005.
300 _avi, 457 p. :
_bill. ;
_c27 cm. +
_e1 CD-ROM (4 3/4 in.)
500 _aIncludes index on CD-ROM.
650 0 _aMedicine
_vTerminology.
650 0 _aHuman biology
_vTerminology.
942 _2lcc
_cBK
_n0
999 _c2662
_d2662